| 000 | 00601nam a2200157Ia 4500 | ||
|---|---|---|---|
| 008 | 210716s2011 xx 000 0 und d | ||
| 020 | _a9781849512947 | ||
| 041 | _aeng | ||
| 082 | _a621.3821 MEWK | ||
| 100 | _aMew, Kyle Merrifield. | ||
| 245 |
_aAndroid 3.0 application development cookbook: over 70 working recipes covering every aspect of android development. _bOver 70 working recipes covering every aspect of android development. |
||
| 250 | _a1 | ||
| 260 |
_aNew Delhi _bShroff Publishers and Distributors Pvt Ltd _c2011 |
||
| 300 | _aiii;257 | ||
| 650 | _aCommunication Network Architecture | ||
| 999 |
_c192464 _d192464 |
||